[Event "Open A"]
[Site "Groningen NED"]
[Date "2008.12.21"]
[Round "1"]
[White "Padurariu,I"]
[Black "Spoelman,W"]
[Result "0-1"]
[WhiteElo "2179"]
[BlackElo "2459"]

1.e4 c5 2.Nc3 Nc6 3.Bb5 Nd4 4.Bc4 g6 5.Nge2 Bg7 6.Nxd4 cxd4 7.Qf3 Nh6 8.Ne2 O-O
9.d3 Ng4 10.Bb3 d6 11.O-O Bd7 12.Qg3 Rc8 13.f4 a5 14.a4 Qb6 15.h3 Ne3 16.Bxe3 dxe3
17.Rab1 e6 18.Rf3 Qa7 19.c3 b5 20.axb5 Bxb5 21.Bc2 f5 22.Rxe3 fxe4 23.Kh1 d5
24.d4 a4 25.Ra1 Rb8 26.b3 a3 27.c4 Bxd4 28.Nxd4 Qxd4 29.Rxa3 Qb2 30.Ra7 Bc6
31.f5 exf5 32.Qc7 Rb7 33.Rxb7 Bxb7 34.Re2 Qg7 35.Qxg7+ Kxg7 36.cxd5 Bxd5
37.Kg1 Kf6 38.g3 Ke5 39.Kf2 Rb8 40.Re3 Kd4 41.h4 Rc8 42.Re2 e3+ 43.Ke1 Bf3
44.Rh2 e2  0-1

[Event "35th ch-IND w National A"]
[Site "New Delhi IND"]
[Date "2008.12.21"]
[Round "4"]
[White "Nadig,K"]
[Black "Swathi,G"]
[Result "1-0"]
[WhiteElo "2387"]
[BlackElo "2320"]

1.e4 c5 2.Nc3 Nc6 3.Bb5 Nd4 4.Ba4 g6 5.Nf3 Bg7 6.O-O a6 7.Nxd4 cxd4 8.Ne2 e6
9.d3 Ne7 10.f4 f5 11.e5 b5 12.Bb3 d6 13.Qe1 Nc6 14.a4 Rb8 15.axb5 axb5 16.Qf2 dxe5
17.fxe5 O-O 18.Kh1 Kh8 19.Bd2 Bxe5 20.Nf4 Qf6 21.Nh3 Qe7 22.Rae1 Bg7 23.Ng5 e5
24.Qf3 Bd7 25.Nxh7 f4 26.Nxf8 Rxf8 27.Qe4 Qf6 28.Qd5 Nb8 29.Bb4 Bc6 30.Qe6 Rd8
31.Qh3+  1-0

[Event "10th Mirko Srajber Mem"]
[Site "Subotica SRB"]
[Date "2008.12.21"]
[Round "5"]
[White "Nadj Hedjesi,B"]
[Black "Pap,M"]
[Result "1-0"]
[WhiteElo "2296"]
[BlackElo "2493"]

1.e4 c5 2.Nf3 Nc6 3.Nc3 e5 4.Bc4 Be7 5.d3 d6 6.O-O Nf6 7.Ng5 O-O 8.f4 Bg4
9.Qe1 exf4 10.Bxf4 Nd4 11.Qh4 h6 12.Nxf7 Rxf7 13.Bxf7+ Kxf7 14.Bxh6 Be6 15.Qh5+ Kg8
16.Qg6 Qf8 17.Rf2 Qf7 18.Qg3 Kh7 19.Bg5 Qh5 20.Raf1 b5 21.e5 dxe5 22.h3 Rd8
23.Qxe5 Bd6 24.Qe3 Re8 25.Bxf6 gxf6 26.Ne4 Be5 27.Nxf6+ Bxf6 28.Rxf6 Bd5
29.Rh6+ Qxh6 30.Qxe8 Qg5 31.Rf2 Ne6 32.Qf7+ Ng7 33.Qf4 Qe7 34.c4 bxc4 35.dxc4 Bc6
36.Qf6 Qe1+ 37.Kh2 Qe4 38.Qg5 Qxc4 39.Rf4 Qxa2 40.Rh4+ Kg8 41.Rg4 Qxb2 42.Qd8+ Kh7
43.Rh4+ Kg6 44.Qd6+ Qf6 45.Rh6+  1-0

[Event "8th Amplico AIG Life Rapid"]
[Site "Warsaw POL"]
[Date "2008.12.21"]
[Round "9"]
[White "Malisauskas,V"]
[Black "Sieciechowicz,M"]
[Result "0-1"]
[WhiteElo "2479"]
[BlackElo "2321"]

1.e4 c5 2.Nc3 Nc6 3.Nge2 e5 4.Nd5 d6 5.Nec3 Be6 6.Bc4 g6 7.d3 Bg7 8.O-O Nf6
9.Bg5 h6 10.Bxf6 Bxf6 11.Nb5 Bxd5 12.Bxd5 O-O 13.a4 a6 14.Na3 Qc7 15.c3 Nd8
16.Nc2 Ne6 17.Ne3 Bg7 18.Qb3 Nf4 19.Bc4 Kh8 20.g3 Nh5 21.Nd5 Qc8 22.Rae1 Rb8
23.f4 b5 24.axb5 axb5 25.Bxb5 Qh3 26.Re2 f5 27.Ne7 exf4 28.Nxg6+ Kh7 29.Nxf8+ Rxf8
30.Bd7 fxg3 31.Qc2 Be5 32.Bxf5+ Rxf5 33.Rxf5 Nf4 34.Rg2 gxh2+ 35.Kh1 Qf3
36.Rxe5 dxe5 37.Qf2 Qd1+ 38.Kxh2 Qh5+ 39.Kg1 Nh3+ 40.Kf1 Nxf2 41.Rxf2 Qd1+
42.Kg2 Qxd3  0-1

[Event "8th Amplico AIG Life Rapid"]
[Site "Warsaw POL"]
[Date "2008.12.21"]
[Round "9"]
[White "Muzychuk,A"]
[Black "Nikolajev,D"]
[Result "1-0"]
[WhiteElo "2508"]
[BlackElo "2329"]

1.e4 c5 2.Nc3 Nc6 3.Bb5 Nd4 4.Nf3 Nxb5 5.Nxb5 d6 6.d4 a6 7.Nc3 cxd4 8.Qxd4 e5
9.Qd3 Be7 10.Nd2 Nf6 11.Nc4 O-O 12.Bg5 Be6 13.Bxf6 Bxf6 14.Nd5 Bg5 15.O-O b5
16.Nxd6 Bxd5 17.Qxd5 Qc7 18.Rad1 Qxc2 19.Nxf7  1-0

[Event "8th Amplico AIG Life Rapid"]
[Site "Warsaw POL"]
[Date "2008.12.21"]
[Round "10"]
[White "Gdanski,J"]
[Black "Deszczynski,A"]
[Result "1-0"]
[WhiteElo "2507"]
[BlackElo "2352"]

1.e4 c5 2.Nc3 Nc6 3.Nf3 g6 4.d4 cxd4 5.Nxd4 Bg7 6.Be3 d6 7.Qd2 Nf6 8.f3 Bd7
9.O-O-O Rc8 10.Kb1 O-O 11.g4 Ne5 12.Be2 b5 13.Ncxb5 Rb8 14.c4 a6 15.Nc3 Qc8
16.Rc1 Rb4 17.g5 Nxe4 18.fxe4 Re8 19.Nd5 Rb8 20.Rc3 Bh3 21.Rg1 Nd7 22.Rb3 Nc5
23.Rxb8 Qxb8 24.Qc2 Qb7 25.Bg4 Bxg4 26.Rxg4 Rc8 27.h4 Ne6 28.Nb3 Rb8 29.Rg2 Qd7
30.Qd3 Kf8 31.Rc2 Qb7 32.c5 dxc5 33.Nxc5 Nxc5 34.Bxc5 Bxb2 35.Qb3 Qxb3 36.axb3 Be5
37.Bxe7+ Ke8 38.Ka2 Kd7 39.Bf6 Bg3 40.e5 Ke6 41.Nc7+ Kf5 42.Rc4 Rc8 43.Nxa6 Rxc4
44.bxc4 Bxh4 45.c5 Ke6 46.c6 Bf2 47.Kb3  1-0

[Event "8th Amplico AIG Life Rapid"]
[Site "Warsaw POL"]
[Date "2008.12.21"]
[Round "11"]
[White "Saric,Iv"]
[Black "Stachowiak,K"]
[Result "1-0"]
[WhiteElo "2516"]
[BlackElo "2351"]

1.e4 c5 2.Nf3 Nc6 3.Nc3 g6 4.d4 cxd4 5.Nxd4 Bg7 6.Be3 Nf6 7.Bc4 O-O 8.Bb3 a5
9.O-O a4 10.Nxa4 Nxe4 11.Nb5 Ra6 12.Qe2 Nf6 13.c4 d6 14.Rfd1 Bd7 15.Rac1 Qb8
16.Nb6 Be6 17.Nd5 Rc8 18.Bg5 Bxd5 19.cxd5 Ne5 20.f4 Ned7 21.Bh4 Nc5 22.Qxe7 Nfe4
23.Rxc5 Nxc5 24.Bf2 Bf8 25.Qe3 Re8 26.Qf3 Nxb3 27.Qxb3 Qc8 28.h3 Ra8 29.Bb6 Re4
30.Qf3 Raa4 31.Nc3 Rxf4 32.Qg3 Rab4 33.Be3 Rf5 34.Rd2 Qc4 35.Qe1 Bg7 36.a3 Rb3
37.Bf2 Be5 38.Qd1 Qf4 39.Qxb3 Qh2+ 40.Kf1 Qh1+ 41.Ke2 Qxg2 42.Nd1 Bg3 43.Qxg3 Qxg3
44.Bxg3  1-0

[Event "8th Amplico AIG Life Rapid"]
[Site "Warsaw POL"]
[Date "2008.12.21"]
[Round "12"]
[White "Gdanski,J"]
[Black "Daskevics,Va"]
[Result "1/2-1/2"]
[WhiteElo "2507"]
[BlackElo "2326"]

1.e4 c5 2.Nc3 Nc6 3.Nf3 d6 4.d4 cxd4 5.Nxd4 Nf6 6.Bc4 e6 7.Be3 Be7 8.Qe2 a6
9.O-O-O Qc7 10.Bb3 O-O 11.g4 Nxd4 12.Rxd4 b5 13.g5 Nd7 14.Rg1 Nc5 15.Qh5 Bb7
16.e5 Nxb3+ 17.axb3 dxe5 18.Rh4 h6 19.gxh6 g6 20.Rxg6+ Kh8 21.Rg7 b4 22.Rc4 Qa5
23.Na4 Qd5 24.Kb1 Rad8 25.Ka2 Qf3 26.Qxf3 Bxf3 27.Rc7 Rde8 28.Bc5 Bxc5 29.Nxc5 Bh5
30.Nd7 Rc8 31.Rxc8 Rxc8 32.Nxe5 Rxc2 33.Nxf7+ Bxf7 34.Rxf7 Rc5 35.Rf6 Re5
36.f4 Re2 37.h4 Kh7 38.h5 Re1 39.Rg6 Re4 40.Kb1 Re2 41.Rf6 a5 42.Kc1 Rf2
43.Rxe6 Rxf4 44.Re5 Rf1+ 45.Kd2 Rf2+ 46.Kc1 Rf1+ 47.Kc2 Rf2+ 48.Kd3 Rxb2
49.Kc4 Rc2+ 50.Kb5 Ra2 51.Re6 Ra3 52.Kc4 a4 53.Kxb4 Rxb3+ 54.Kxa4 Rh3 55.Kb4 Rh4+
56.Kc5 Rxh5+ 57.Kd6 Rxh6 58.Rxh6+ Kxh6  1/2-1/2

[Event "8th Amplico AIG Life Rapid"]
[Site "Warsaw POL"]
[Date "2008.12.21"]
[Round "13"]
[White "Fedorchuk,S"]
[Black "Saric,Iv"]
[Result "1-0"]
[WhiteElo "2603"]
[BlackElo "2516"]

1.e4 c5 2.Nf3 Nc6 3.Nc3 d6 4.d4 cxd4 5.Nxd4 Nf6 6.Bg5 e6 7.Qd2 a6 8.O-O-O Bd7
9.f3 Be7 10.h4 h6 11.Be3 h5 12.Kb1 Qc7 13.Bd3 Ne5 14.f4 Nc4 15.Bxc4 Qxc4
16.e5 Nd5 17.Nxd5 Qxd5 18.Qf2 Qc4 19.exd6 Bxd6 20.Nf3 Bc7 21.Ne5 Bxe5 22.fxe5 Bc6
23.Rhf1 O-O 24.Bc5 Qe4 25.Bxf8 Rxf8 26.Rde1 Qxg2 27.Qe3 Rc8 28.Rg1 Qh2 29.Qh6 g6
30.Rxg6+ fxg6 31.Qxg6+ Kf8 32.Rf1+ Ke7 33.Rf7+ Kd8 34.Qf6+  1-0

[Event "Open A"]
[Site "Groningen NED"]
[Date "2008.12.22"]
[Round "2"]
[White "Mellema,A"]
[Black "Bitalzadeh,A"]
[Result "0-1"]
[WhiteElo "2097"]
[BlackElo "2370"]

1.e4 c5 2.Nc3 Nc6 3.Nf3 d6 4.Bb5 Bd7 5.O-O Nf6 6.d3 e6 7.Re1 Be7 8.Bf4 O-O
9.Bxc6 Bxc6 10.e5 Nd5 11.Nxd5 Bxd5 12.Qe2 Rc8 13.Rad1 dxe5 14.Nxe5 f6 15.Nc4 e5
16.Bg3 Re8 17.f4 exf4 18.Bxf4 Bf8 19.Qxe8 Qxe8 20.Rxe8 Rxe8 21.Ne3 Be6 22.h4 Rd8
23.b3 Rd4 24.Bg3 Be7 25.c3 Rd7 26.Bf2 Kf7 27.Nc2 Bf5 28.Ne1 b5 29.d4 b4 30.cxb4 cxb4
31.Nd3 Bxd3 32.Rxd3 Ke6 33.Kf1 Kd5 34.Ke2 Rc7 35.Kd2 Bd6 36.g3 f5 37.Re3 f4
38.Rd3 Rc3 39.g4 Ke4 40.Rxc3 bxc3+ 41.Kxc3 Kf3  0-1

[Event "Open A"]
[Site "Groningen NED"]
[Date "2008.12.26"]
[Round "5"]
[White "Schiffer,KU"]
[Black "Pham,To"]
[Result "1-0"]
[WhiteElo "2334"]
[BlackElo "2117"]

1.e4 c5 2.Nc3 Nc6 3.Bb5 Nd4 4.Bc4 g6 5.Nf3 Nxf3+ 6.Qxf3 e6 7.d3 d6 8.O-O Bg7
9.Qg3 Ne7 10.Nb5 e5 11.f4 O-O 12.fxe5 dxe5 13.Bg5 a6 14.Nc3 Qd6 15.Qh4 Nc6
16.Nd5 Be6 17.Rf2 Bxd5 18.Bxd5 Rac8 19.Raf1 Rc7 20.c3 c4 21.dxc4 Na5 22.c5 Qxc5
23.b4 Qxc3 24.bxa5 Qxa5 25.Bd8  1-0

[Event "1st Asian Clubs"]
[Site "Al Ain UAE"]
[Date "2008.12.27"]
[Round "3"]
[White "Wen Yang"]
[Black "Nguyen Van Huy"]
[Result "1/2-1/2"]
[WhiteElo "2508"]
[BlackElo "2422"]

1.e4 c5 2.Nf3 Nc6 3.Nc3 g6 4.d4 cxd4 5.Nxd4 Bg7 6.Be3 Nf6 7.Bc4 O-O 8.Bb3 a5
9.O-O d6 10.Ndb5 Bd7 11.f3 Ne5 12.Qe2 Bxb5 13.Qxb5 Qd7 14.a4 Rfc8 15.Qe2 Qc6
16.Nb5 Ned7 17.c3 Nc5 18.Bc2 Ne8 19.Nd4 Qa6 20.Qd2 b6 21.Bg5 Nf6 22.Rae1 Qb7
23.Qe2 Qd7 24.f4 e6 25.f5 exf5 26.exf5 Re8 27.Qb5 Rxe1 28.Rxe1 Re8 29.Rxe8+ Qxe8  1/2-1/2

[Event "18th North American Open"]
[Site "Las Vegas USA"]
[Date "2008.12.27"]
[Round "2"]
[White "Ye Ling Feng"]
[Black "Velikanov,A"]
[Result "1/2-1/2"]
[WhiteElo "2188"]
[BlackElo "2067"]

1.e4 c5 2.Nc3 Nc6 3.Nge2 g6 4.d4 cxd4 5.Nxd4 Bg7 6.Be3 Nf6 7.Nxc6 bxc6 8.e5 Ng8
9.Bd4 Qc7 10.e6 Nf6 11.exd7+ Bxd7 12.Be2 O-O 13.O-O Rfd8 14.Be3 Bf5 15.Qc1 Nd5
16.Nxd5 cxd5 17.c3 e5 18.Bg5 f6 19.Bh6 Bxh6 20.Qxh6 Qb7 21.Qd2 d4 22.Bc4+ Kg7
23.f4 Rac8 24.b3 dxc3 25.Qxc3 Qb6+ 26.Kh1 e4 27.Rad1 e3 28.Rxd8 Rxd8 29.Re1 Be4
30.Bf1 Re8 31.b4 Bd5 32.Qd3 Bxa2 33.Qd7+ Bf7 34.Bc4 Rf8 35.Qe7 Qd4 36.Bxf7 Rxf7
37.Qxe3 Qxb4 38.Ra1 Re7 39.Qf2 a5 40.h3 a4 41.Qg3 Qb3 42.Qf2 Rd7 43.Kh2 Qb4
44.Qg3 Qb3 45.Qf2 Rc7 46.Qd4 a3 47.Qd6 Ra7 48.Qc5 Qa4 49.f5 a2 50.fxg6 hxg6
51.Qe3 Qa5 52.Kh1 Qa3 53.Qf2 Ra8 54.Qc2 Qa7 55.Qb3 Qf7 56.Qc2 Ra7 57.Qf2 Qb7
58.Kh2 Qc7+  1/2-1/2

[Event "1st Asian Clubs"]
[Site "Al Ain UAE"]
[Date "2008.12.28"]
[Round "4"]
[White "Gillani,T"]
[Black "Mohamed,N"]
[Result "0-1"]
[WhiteElo "2283"]
[BlackElo "2275"]

1.e4 c5 2.Nc3 Nc6 3.Bb5 Nd4 4.Bc4 g6 5.f4 Bg7 6.Nf3 e6 7.Nxd4 cxd4 8.Nb5 d5
9.exd5 exd5 10.Be2 a6 11.Na3 Ne7 12.O-O O-O 13.c3 Bf5 14.cxd4 Nc6 15.Nc2 Re8
16.d3 Nxd4 17.Nxd4 Bxd4+ 18.Kh1 Qh4 19.g3 Qf6 20.Bf3 Bh3 21.Re1 Qf5 22.Re2 Kg7
23.Bd2 Qxd3 24.Rxe8 Rxe8 25.Bc3 Qxd1+ 26.Rxd1 Bxc3 27.bxc3 Be6 28.a4 Rc8
29.Bxd5 Bxd5+ 30.Rxd5 Rxc3 31.Rd7 b5 32.axb5 axb5 33.Rb7 Rb3 34.Kg2 h5 35.Rb6 b4
36.Rb8 Rb1 37.Rb5 b3 38.h3 Kf6 39.Rb7 Ke6 40.g4 h4 41.Rb5 Rb2+ 42.Kf1 Kd6
43.Ke1 Kc6 44.Rb8 Kd5 45.Rb7 f5 46.gxf5 gxf5 47.Kd1 Ke4 48.Rb4+ Kf3 49.Kc1 Rc2+
50.Kd1 Rc3 51.Kd2 Re3 52.Rb5 Re2+ 53.Kd1 b2 54.Rb3+ Re3 55.Rxb2 Kxf4 56.Rb5 Rxh3
57.Ke2 Ra3 58.Kf2 Kg4 59.Rb8 Ra2+ 60.Kf1 f4 61.Rb7 Kg3 62.Rg7+ Kf3 63.Kg1 Ra1+
64.Kh2 Rd1 65.Rc7 Ke3 66.Re7+ Kf2 67.Re5 f3 68.Re8 Kf1 69.Re3 f2 70.Re8 Re1
71.Ra8 Ke2 72.Ra2+ Kf3 73.Ra3+ Ke4 74.Ra4+ Kd5  0-1

[Event "Open A"]
[Site "Groningen NED"]
[Date "2008.12.28"]
[Round "7"]
[White "Padurariu,I"]
[Black "Biedekoepper,R"]
[Result "1/2-1/2"]
[WhiteElo "2179"]
[BlackElo "2133"]

1.e4 c5 2.Nc3 Nc6 3.Bb5 Nd4 4.Bc4 e6 5.Nge2 a6 6.d3 Ne7 7.Nxd4 cxd4 8.Ne2 Nc6
9.O-O Be7 10.a3 O-O 11.f4 d5 12.exd5 exd5 13.Ba2 f5 14.Ng3 Be6 15.Qf3 Qd7
16.Bd2 g6 17.Rfe1 Bf7 18.Re2 Bf6 19.Rae1 b5 20.Nf1 a5 21.h3 Rfd8 22.Nh2 Kf8
23.g4 Re8 24.g5 Bg7 25.Nf1 Rxe2 26.Rxe2 Re8 27.Ng3 Rxe2 28.Nxe2 Qd6 29.Qf2 b4
30.axb4 Nxb4 31.Bb3 Qc5 32.Bc3 Nc6 33.Ba4 Qe7 34.Nxd4 Nxd4 35.Bxd4 Bxd4 36.Qxd4 Qe1+
37.Kg2 Qd2+ 38.Qf2 Qb4 39.b3 d4 40.Bc6 Qc5 41.Bf3 Qc3 42.Qe2 Bg8 43.Kg3 Qa1
44.Bg2 Bf7 45.Kh2 Qc3 46.Bf3 Qc5 47.Kg3 Qc3 48.h4 Qa1 49.Qe5 Qg1+ 50.Bg2 Kg8
51.Qe7 Kg7 52.Qf6+ Kg8 53.Qd8+ Kg7 54.Qe7 Kg8 55.Qe5 Kf8 56.Kh3 Qf2  1/2-1/2

[Event "18th North American Open"]
[Site "Las Vegas USA"]
[Date "2008.12.28"]
[Round "5"]
[White "Khachiyan,M"]
[Black "Lee,Micha"]
[Result "1/2-1/2"]
[WhiteElo "2508"]
[BlackElo "2305"]

1.e4 c5 2.Nc3 Nc6 3.Bb5 Nd4 4.Nf3 g6 5.O-O Bg7 6.Nxd4 cxd4 7.Ne2 a6 8.Bd3 d5
9.exd5 Qxd5 10.c4 Qd6 11.b4 Qxb4 12.Rb1 Qc5 13.Qb3 Nh6 14.Ba3 Qc7 15.Ng3 O-O
16.Qb6 Qxb6 17.Rxb6 Re8 18.Be4 f5 19.Bd5+ e6 20.Re1 Nf7 21.c5 Nd8 22.Bb3 Bd7
23.Ne2  1/2-1/2

[Event "5th Open"]
[Site "Vandoeuvre les Nancy FRA"]
[Date "2008.12.28"]
[Round "6"]
[White "Hoffer,T"]
[Black "Abergel,T"]
[Result "0-1"]
[WhiteElo "2047"]
[BlackElo "2509"]

1.e4 c5 2.Nc3 Nc6 3.Bb5 Nd4 4.Bc4 a6 5.a4 e6 6.Nf3 Nf6 7.d3 d5 8.Ba2 Nxf3+
9.Qxf3 d4 10.Ne2 Qa5+ 11.c3 Qxa4 12.O-O Be7 13.Bf4 dxc3 14.bxc3 Qc6 15.Ng3 O-O
16.d4 c4 17.Bb1 b5 18.Nh5 Nxh5 19.Qxh5 Qe8 20.Qf3 Bb7 21.Qh3 Qc8 22.Qg3 f6
23.Bc2 a5 24.Bd6 Bxd6 25.Qxd6 Qc6 26.Qa3 Rfb8 27.Rfb1 Qb6 28.h3 b4 29.cxb4 axb4
30.Qb2 Rxa1 31.Qxa1 b3  0-1

[Event "Czech Christmas"]
[Site "Litomysl CZE"]
[Date "2008.12.29"]
[Round "5"]
[White "Pekar,V"]
[Black "Lercel,M"]
[Result "1/2-1/2"]
[WhiteElo "1964"]
[BlackElo "2172"]

1.Nc3 c5 2.Nf3 Nc6 3.e4 d6 4.d4 cxd4 5.Nxd4 e6 6.Bc4 Nf6 7.O-O Be7 8.a3 O-O
9.Ba2 a6 10.Kh1 Nxd4 11.Qxd4 e5 12.Qd3 Be6 13.Nd5 Bxd5 14.Bxd5 Nxd5 15.Qxd5 Rc8
16.Qxb7 Rxc2 17.Qxa6 Qc8 18.Qd3 f5 19.exf5 Qxf5 20.Qxf5 Rxf5 21.f3 d5 22.b4 d4
23.Kg1 Rf8 24.Rd1 e4 25.Rb1 Bh4 26.Rb2 Rxb2 27.Bxb2 e3 28.Kf1 Bf6 29.Ke2 d3+
30.Rxd3 Bxb2 31.a4 Bc1 32.a5 Bd2 33.Rb3 Ra8 34.b5 Rxa5 35.b6 Ra8 36.b7 Rb8
37.f4 Kf7 38.g4 Ke6 39.h4 Kd5 40.f5 Kc6 41.g5 Rxb7 42.Rxb7 Kxb7 43.h5 Kc6
44.g6 hxg6 45.f6 Bc3 46.fxg7  1/2-1/2

[Event "5th Open"]
[Site "Vandoeuvre les Nancy FRA"]
[Date "2008.12.29"]
[Round "8"]
[White "Hoffer,T"]
[Black "Treiber,J"]
[Result "1-0"]
[WhiteElo "2047"]
[BlackElo "1819"]

1.e4 c5 2.Nc3 Nc6 3.Bb5 d6 4.Bxc6+ bxc6 5.f4 e6 6.Nf3 Nf6 7.d3 Be7 8.O-O O-O
9.Na4 Qc7 10.c4 Nd7 11.Qe1 Bf6 12.Rb1 Rb8 13.b3 Re8 14.g4 g6 15.Bb2 Bxb2
16.Rxb2 Nb6 17.Nc3 f5 18.exf5 Qf7 19.fxg6 Qxg6 20.Ne4 Rd8 21.Qh4 Bb7 22.Rg2 Kh8
23.f5 Qg8 24.Nf6 Qg7 25.Nh5 Qh6 26.g5 Qf8 27.g6 Qh6 28.Qf6+  1-0

[Event "Open A"]
[Site "Gjovik NOR"]
[Date "2008.12.30"]
[Round "2"]
[White "Makka,I"]
[Black "Tjolsen,K"]
[Result "1-0"]
[WhiteElo "2220"]
[BlackElo "2110"]

1.e4 c5 2.Nf3 Nc6 3.Nc3 g6 4.Bb5 Nf6 5.Bxc6 dxc6 6.h3 Bg7 7.d3 O-O 8.Be3 b6
9.Qd2 e5 10.Bh6 Qd6 11.O-O-O a5 12.Nh2 Kh8 13.Rdf1 Bxh6 14.Qxh6 Ng8 15.Qd2 f6
16.f4 exf4 17.Rxf4 Ra7 18.g4 Be6 19.Rhf1 Re8 20.h4 Ree7 21.Nf3 Rf7 22.Re1 Qf8
23.Qe3 Rae7 24.e5 fxe5 25.Qxe5+ Qg7 26.Rxf7 Bxf7 27.Qxg7+ Kxg7 28.Na4 Bd5
29.Rxe7+ Nxe7 30.Ne5 Nc8 31.a3 Bf7 32.Kd2 Be8 33.Ke3 h6 34.Kf4 Kf6 35.g5+ hxg5+
36.hxg5+ Ke6 37.b3 Kd5 38.Ng4 Kd6 39.Nf6 Bf7 40.Ne4+ Ke6 41.Nf2 Kd5 42.Ng4 b5
43.Nc3+ Kd4 44.Ne2+ Kd5 45.Nf6+ Ke6 46.Ne4 c4 47.dxc4 bxc4 48.bxc4 Nb6 49.Nd4+ Kd7
50.Nf3 Bxc4 51.Ne5+ Ke6 52.Nxc6 Nd5+ 53.Kf3 a4 54.Nd4+ Ke5 55.Nc6+ Ke6 56.Na5 Nb6
57.Nd2 Bd5+ 58.Kf4 Ba8 59.c4 Kd6 60.Ne4+ Bxe4 61.Kxe4 Kc5 62.Kd3 Nd7 63.Nb7+ Kc6
64.Nd8+ Kc5 65.Ne6+ Kd6 66.Nf4 Ne5+ 67.Kc3 Nf3 68.Kb4 Nxg5 69.Nxg6 Ne6 70.Nh4 Ke5
71.Kxa4 Kd6 72.Kb4 Kc6 73.Nf5 Kb6 74.a4 Nc7 75.a5+ Ka6 76.Nd4 Kb7 77.Nb3 Kc6
78.Nd4+ Kb7 79.Kc5 Ka6 80.Nb3 Kb7 81.Kd6 Ne8+ 82.Ke7 Nc7 83.Kd7 Na6 84.Kd6 Nb4
85.c5 Kc8 86.c6 Na6 87.Nd4 Nc7 88.Kc5 Kb8 89.Nf5 Ka7 90.Nd4 Ka6 91.Nb3 Ka7
92.Kd6 Kb8 93.Nc5 Nb5+ 94.Kd7 Ka7 95.c7 Nxc7 96.Kxc7 Ka8 97.Kb6 Kb8 98.Na6+ Ka8
99.Nc7+ Kb8 100.a6  1-0

[Event "Open A"]
[Site "Gjovik NOR"]
[Date "2008.12.30"]
[Round "2"]
[White "Tiviakov,S"]
[Black "Abasov,N"]
[Result "1/2-1/2"]
[WhiteElo "2686"]
[BlackElo "2363"]

1.e4 c5 2.Nc3 Nc6 3.Bb5 Nd4 4.Bc4 d6 5.Nge2 Nf6 6.d3 g6 7.Nxd4 cxd4 8.Ne2 e5
9.c3 dxc3 10.Nxc3 Bg7 11.Qa4+ Kf8 12.O-O Be6 13.Qb4 Qe7 14.b3 Kg8 15.Ba3 Bf8
16.Rac1 Qd7 17.Bxe6 fxe6 18.Qa5 Be7 19.Ne2 b6 20.Qd2 Kg7 21.d4 Nxe4 22.Qe3 Nf6
23.dxe5 Nd5 24.Qe4 dxe5 25.Bb2 Bf6 26.Bxe5 Rac8 27.Rcd1 Qf7 28.Bg3 Rhe8 29.h4 h5
30.Rd3 Nc3 31.Nxc3 Rxc3 32.Rd6 Kh7 33.Re1 e5 34.Kh2 Bg7 35.Red1 Rc7 36.R1d3 Qf5
37.Qd5 Qf7 38.Qb5 e4 39.R3d5 Rce7 40.Qc4 Bh6 41.Qc6 Re6 42.Rd7 R8e7 43.Rxe7 Rxe7
44.Qd6 Re6 45.Qd8 Re7 46.Rd1 Bf4 47.Qd4 Bxg3+ 48.Kxg3 Qf5 49.Kh2 Qf4+ 50.g3 Qf3
51.Rc1 e3 52.fxe3 a5 53.Kh3 Qxe3 54.Qxe3 Rxe3 55.Rc6 b5 56.Ra6 a4 57.bxa4 bxa4
58.Rxa4 Re2 59.a3 Rb2 60.Rd4 Ra2 61.Ra4 Rb2 62.Rb4 Ra2 63.Rb3 Kg7 64.g4 hxg4+
65.Kxg4 Kh6 66.Kf4 Rh2 67.Kg3 Ra2 68.Kg4 Rg2+ 69.Rg3 Rf2 70.Rh3 Ra2 71.Kf4 Kh5
72.Rg3 Rf2+ 73.Ke4 Ra2  1/2-1/2

[Event "Open A"]
[Site "Groningen NED"]
[Date "2008.12.30"]
[Round "9"]
[White "Schiffer,KU"]
[Black "Hirth,U"]
[Result "1/2-1/2"]
[WhiteElo "2334"]
[BlackElo "2163"]

1.e4 c5 2.Nc3 Nc6 3.Bb5 Nd4 4.Bc4 d6 5.Nge2 e5 6.O-O Be6 7.d3 g6 8.Bxe6 fxe6
9.f4 Bg7 10.Kh1 Ne7 11.fxe5 Bxe5 12.Nxd4 cxd4 13.Ne2 Nc6 14.Nf4 Qe7 15.Qg4 O-O
16.Bd2 Rae8 17.h4 Rf7 18.Nh3  1/2-1/2

[Event "Christmas Master Open"]
[Site "Zurich SUI"]
[Date "2008.12.30"]
[Round "7"]
[White "Rindlisbacher,L"]
[Black "Eidinger,H"]
[Result "0-1"]
[WhiteElo "1966"]
[BlackElo "2150"]

1.e4 c5 2.Nf3 Nc6 3.Nc3 d6 4.d4 cxd4 5.Nxd4 Nf6 6.Bg5 e6 7.Qd2 Nxd4 8.Qxd4 Be7
9.O-O-O O-O 10.f4 h6 11.Bh4 Qa5 12.e5 dxe5 13.fxe5 Rd8 14.Qa4 Rxd1+ 15.Kxd1 Qxe5
16.Bxf6 Qxf6 17.Bd3 Bf8 18.Qe4 Qf5 19.Qa4 Qg5 20.h4 Qxg2 21.Rf1 e5 22.Rxf7 Qg4+  0-1

[Event "17th Donau Open"]
[Site "Aschach AUT"]
[Date "2008.12.31"]
[Round "7"]
[White "Hiermann,D"]
[Black "Schreiner,Pe"]
[Result "0-1"]
[WhiteElo "2320"]
[BlackElo "2143"]

1.e4 c5 2.Nc3 Nc6 3.Bb5 Nd4 4.Bc4 e6 5.d3 a6 6.a4 Nf6 7.e5 d5 8.exf6 dxc4
9.fxg7 Bxg7 10.dxc4 Bd7 11.Nge2 Bc6 12.O-O Qh4 13.Nxd4 Bxd4 14.Qe2 Rg8 15.Nd5 O-O-O
16.c3 Rxd5 17.cxd5 Bxd5 18.g3 Rxg3+  0-1

[Event "Masters"]
[Site "Hastings ENG"]
[Date "2008.12.31"]
[Round "4"]
[White "Wilson,A"]
[Black "Briscoe,C"]
[Result "1-0"]
[WhiteElo "2026"]
[BlackElo "2253"]

1.e4 c5 2.Nc3 Nc6 3.Bb5 Nd4 4.Bc4 e6 5.Nge2 Ne7 6.Nxd4 cxd4 7.Ne2 Nc6 8.d3 g6
9.O-O Bg7 10.f4 d6 11.Qe1 O-O 12.Qg3 Na5 13.Bb3 Nxb3 14.axb3 Bd7 15.f5 exf5
16.exf5 Bxf5 17.Bg5 Qd7 18.Qh4 Bg4 19.Ng3 Rac8 20.Bf6 Bxf6 21.Rxf6 Rxc2 22.Ne4 Kg7
23.Raf1 Be2 24.Rxd6 Qg4 25.Qf6+ Kh6 26.h3 Qh5 27.Rf4 Qa5 28.Rh4+ Bh5 29.Ng3 Qe1+
30.Kh2 Rc5 31.Rxh5+ Rxh5 32.Nxh5 Re8 33.Ng3 Re5 34.Rxd4 Rg5 35.Rh4+  1-0

[Event "Masters"]
[Site "Hastings ENG"]
[Date "2009.01.01"]
[Round "5"]
[White "Cherniaev,A1"]
[Black "Salem,I"]
[Result "1-0"]
[WhiteElo "2438"]
[BlackElo "2171"]

1.e4 c5 2.Nc3 Nc6 3.Bb5 g6 4.Bxc6 dxc6 5.d3 e5 6.f4 Bg7 7.Nf3 exf4 8.Bxf4 Ne7
9.Qd2 Qb6 10.O-O c4+ 11.d4 Be6 12.Be3 Qc7 13.Bf4 Qb6 14.Na4 Qb5 15.Nc5 Rd8
16.c3 Qb6 17.Ng5 Qxc5 18.Nxe6 fxe6 19.dxc5 Rxd2 20.Bxd2 h6 21.Bf4 g5 22.Bb8 a6
23.Rad1 Ng6 24.Bc7 Ne5 25.Rd8+ Ke7 26.Rxh8 Bxh8 27.Bd6+ Kd7 28.Bxe5 Bxe5
29.Rf7+ Kc8 30.g3 Bb8 31.Rh7 Ba7 32.Kf1 Bxc5 33.Ke2 a5 34.Rxh6 Kd7 35.Rh7+ Be7
36.h4 gxh4 37.gxh4 Ke8 38.Ke3 Bc5+ 39.Kf4 Bd6+ 40.Kg5 b5 41.Kf6 b4 42.Kxe6 Bf8
43.Ra7  1-0

[Event "14th Open"]
[Site "Bosnjaci CRO"]
[Date "2009.01.03"]
[Round "1"]
[White "Armanda,I"]
[Black "Filipovic,J"]
[Result "1-0"]
[WhiteElo "2326"]
[BlackElo "1871"]

1.e4 c5 2.Nf3 Nc6 3.Nc3 d6 4.d4 cxd4 5.Nxd4 e6 6.Bc4 Be7 7.Bb3 Nf6 8.O-O O-O
9.Be3 a6 10.Kh1 Qc7 11.f4 b5 12.f5 exf5 13.Nxc6 Qxc6 14.Nd5 Qd7 15.Nb6 Qb7
16.Nxa8 Qxa8 17.exf5 Bb7 18.Rf2 Ne4 19.Re2 Bf6 20.Bd4 Be5 21.Bxe5 dxe5 22.Qe1 Nc5
23.Qg3 Nxb3 24.f6 g6 25.axb3 Re8 26.Rae1 e4 27.Rd2 Re6 28.Qc7 Re8 29.Rd7 Bd5
30.Qf4 Re6 31.Rxd5  1-0

[Event "XX Open"]
[Site "Roquetas de Mar ESP"]
[Date "2009.01.03"]
[Round "1"]
[White "Ibarra Jerez,JC"]
[Black "Perez Garcia,Jo"]
[Result "1-0"]
[WhiteElo "2513"]
[BlackElo "1952"]

1.e4 c5 2.Nf3 Nc6 3.Nc3 d6 4.d4 cxd4 5.Nxd4 e5 6.Nf3 Nf6 7.Bc4 Be7 8.O-O O-O
9.Bg5 Bg4 10.h3 Bxf3 11.Qxf3 Nd4 12.Qd3 Rc8 13.Bb3 Nh5 14.Be3 Nc6 15.Rfd1 Bg5
16.Nb5 Nb4 17.Qe2 Bxe3 18.fxe3 Qg5 19.Nxd6 Rc6 20.Nxf7 Rxf7 21.Qxh5 Qxe3+
22.Kh1  1-0

[Event "14th Open"]
[Site "Bosnjaci CRO"]
[Date "2009.01.04"]
[Round "3"]
[White "Filipovic,Iv"]
[Black "Grubisic,Iv"]
[Result "1-0"]
[WhiteElo "1967"]
[BlackElo "1944"]

1.e4 c5 2.Nf3 Nc6 3.Nc3 d6 4.d4 cxd4 5.Nxd4 Nf6 6.f3 e5 7.Nb3 Be6 8.Be3 d5
9.exd5 Nxd5 10.Nxd5 Bxd5 11.Qd2 Bxb3 12.axb3 Qxd2+ 13.Bxd2 Bc5 14.O-O-O O-O
15.c3 a5 16.g4 Rfd8 17.Bg2 f6 18.Rhe1 Rac8 19.f4 exf4 20.Bxf4 Rxd1+ 21.Rxd1 g5
22.Bg3 b5 23.Rd7 Ne7 24.Bc7 a4 25.b4 Be3+ 26.Kb1 Ng6 27.Bd5+ Kh8 28.Bd8 Rxd8
29.Rxd8+ Kg7 30.Rd7+ Kh8 31.Rb7 Bf4 32.h3 h6 33.Rxb5 Ne7 34.Be4  1-0

[Event "Masters"]
[Site "Hastings ENG"]
[Date "2009.01.04"]
[Round "8"]
[White "Conquest,S"]
[Black "Ansell,S"]
[Result "1-0"]
[WhiteElo "2526"]
[BlackElo "2410"]

1.e4 c5 2.Nf3 Nc6 3.Nc3 e5 4.Bc4 Be7 5.d3 d6 6.O-O Nf6 7.Ng5 O-O 8.f4 Bg4
9.Qe1 exf4 10.Bxf4 Nd4 11.Qd2 Qd7 12.e5 dxe5 13.Bxe5 b5 14.Bxf6 gxf6 15.Bxf7+ Rxf7
16.Nxf7 Kxf7 17.Rae1 Rg8 18.Kh1 Rg6 19.Ne4 Kg7 20.c3 Nc6 21.Qe3 Qd5 22.b3 b4
23.cxb4 cxb4 24.Ng3 Bd7 25.Rf4 Bd6 26.Rh4 Bxg3 27.hxg3 Qg5 28.d4 Qxe3 29.Rxe3 Bg4
30.d5 Ne5 31.Kg1 a5 32.Kf2 Rg5 33.Re4 h5 34.Rh1 Kf7 35.Rd4 Nd7 36.Rc1 Re5
37.Rd2 Ke7 38.Rc7 Kd8 39.Rc6 Bf5 40.Kg1 Re1+ 41.Kf2 Re5 42.Kg1 Re3 43.Ra6 Nc5
44.Rxa5 Ne4 45.Rd1 Nc3 46.Rf1 Re5 47.a3 bxa3 48.Rxa3 Nxd5 49.Ra7 Be4 50.Rfa1 Re7
51.Kf2 f5 52.R1a6 Nf6 53.Rxe7 Ng4+ 54.Kg1 Kxe7 55.b4 Kd7 56.Rg6 Kc7 57.Kf1 Ne3+
58.Kf2 Ng4+ 59.Ke2 Bxg2 60.Rg5 Be4 61.Rxh5 Kb6 62.Kd2 Kb5 63.Kc3 Nf6 64.Rh8 Nd5+
65.Kb3 Nb6 66.Rb8 Kc6 67.Kc3 Kc7 68.Rh8 Kc6 69.Kd4 Nd5 70.Rb8 Nf6 71.b5+ Kc7
72.Rh8 Bb1 73.Rh1 Be4 74.Rh6 Ng4 75.Rg6 Bb1 76.Kc5 Ne5 77.b6+ Kd8 78.Rg8+ Ke7
79.b7 Nd7+ 80.Kd4 Ba2 81.Rc8  1-0